Hacia una reforma política: 1941
Uloženo v:
| Hlavní autor: | |
|---|---|
| Médium: | Kniha |
| Jazyk: | španělština |
| Vydáno: |
Santiago
Barcelona
1941
|
| Témata: | |
| Tagy: |
Přidat tag
Žádné tagy, Buďte první, kdo vytvoří štítek k tomuto záznamu!
|
MARC
| LEADER | 00000nam a2200000 a 4500 | ||
|---|---|---|---|
| 001 | UCR4110 | ||
| 003 | CL-VaPUC | ||
| 008 | 980307e19410000CL |||||||||||||||||spa|d | ||
| 082 | 0 | 4 | |a 320.011 |b GUE |2 21 |
| 100 | 0 | |a Guevara, Eduardo |e author |9 403731 | |
| 245 | 1 | 0 | |a Hacia una reforma política: 1941 |
| 300 | |a 210 p | ||
| 942 | |c BK | ||
| 945 | |d 19980307 00:00:00 |a cmena | ||
| 260 | |a Santiago |b Barcelona |c 1941 | ||
| 650 | 0 | |a Política |9 255312 | |
| 650 | 7 | |a FILOSOFIA POLITICA |2 CL-VaPUC |9 403732 | |
| 650 | 0 | |a Desarrollo político |9 323087 | |
| 650 | 0 | |a Reforma política |9 349470 | |
| 650 | 0 | |a Gobierno |9 255508 | |
| 650 | 0 | |a Democratización |9 316630 | |
| 651 | 7 | |a CHILE |2 CL-VaPUC |9 403733 | |
| 583 | |a last modification |c 19980307 00:00:00 |k Rodrigo Vera | ||
| 999 | |c 267063 |d 267061 | ||
| 952 | |0 0 |1 0 |4 0 |6 320_011000000000000_GUE_1941 |7 0 |8 P |9 299215 |a BIBDER |b BIBDER |d 2019-11-20 |i 1957465 |o 320.011 GUE 1941 |p 1957465 |r 2023-01-25 |w 2019-11-20 |y BK |k DER | ||